<?xml version='1.0' encoding='UTF-8'?>
  <record xmlns="http://www.loc.gov/MARC21/slim">
    <leader>00000ctm a22000007i 4500</leader>
    <controlfield tag="001">on1040031975</controlfield>
    <controlfield tag="003">OCoLC</controlfield>
    <controlfield tag="005">20240127100239.6</controlfield>
    <controlfield tag="008">180613m15831621ne            000 0 lat d</controlfield>
    <datafield tag="040" ind1=" " ind2=" ">
      <subfield code="a">QGJ</subfield>
      <subfield code="b">eng</subfield>
      <subfield code="e">rda</subfield>
      <subfield code="c">QGJ</subfield>
      <subfield code="d">OCLCQ</subfield>
      <subfield code="d">OCLCO</subfield>
      <subfield code="d">QGJ</subfield>
      <subfield code="d">OCLCQ</subfield>
      <subfield code="d">QGJ</subfield>
      <subfield code="d">OCLCO</subfield>
      <subfield code="d">OCLCL</subfield>
    </datafield>
    <datafield tag="035" ind1=" " ind2=" ">
      <subfield code="a">(OCoLC)1040031975</subfield>
    </datafield>
    <datafield tag="041" ind1="0" ind2=" ">
      <subfield code="a">lat</subfield>
      <subfield code="a">fre</subfield>
    </datafield>
    <datafield tag="100" ind1="1" ind2=" ">
      <subfield code="a">Buchell, Arend van,</subfield>
      <subfield code="d">1565-1641,</subfield>
      <subfield code="e">author.</subfield>
      <subfield code="4">aut</subfield>
    </datafield>
    <datafield tag="240" ind1="1" ind2="0">
      <subfield code="a">Poems</subfield>
    </datafield>
    <datafield tag="245" ind1="1" ind2="0">
      <subfield code="a">Farrago poematum iuvenilium Arnoldi Buchelii Batavi ;</subfield>
      <subfield code="b">Epistolarum farrago,</subfield>
      <subfield code="f">UBU Hs. 836 (Hs 7 E 5)</subfield>
    </datafield>
    <datafield tag="246" ind1="3" ind2=" ">
      <subfield code="a">Farrago poematum juvenilium Arnoldi Buchelii Batavi</subfield>
    </datafield>
    <datafield tag="264" ind1=" " ind2="0">
      <subfield code="a">[Netherlands],</subfield>
      <subfield code="c">1583-1621.</subfield>
    </datafield>
    <datafield tag="300" ind1=" " ind2=" ">
      <subfield code="a">196 leaves ;</subfield>
      <subfield code="c">192 x 154 (approximately 152 x 113) mm</subfield>
    </datafield>
    <datafield tag="336" ind1=" " ind2=" ">
      <subfield code="a">text</subfield>
      <subfield code="b">txt</subfield>
      <subfield code="2">rdacontent</subfield>
    </datafield>
    <datafield tag="337" ind1=" " ind2=" ">
      <subfield code="a">unmediated</subfield>
      <subfield code="b">n</subfield>
      <subfield code="2">rdamedia</subfield>
    </datafield>
    <datafield tag="338" ind1=" " ind2=" ">
      <subfield code="a">volume</subfield>
      <subfield code="b">nc</subfield>
      <subfield code="2">rdacarrier</subfield>
    </datafield>
    <datafield tag="340" ind1=" " ind2=" ">
      <subfield code="a">Paper</subfield>
    </datafield>
    <datafield tag="524" ind1="8" ind2=" ">
      <subfield code="a">Cite as: Universiteitsbibliotheek Utrecht Hs. 836 (Hs 7 E 5)</subfield>
    </datafield>
    <datafield tag="500" ind1=" " ind2=" ">
      <subfield code="a">Contains also poems written by other poets.</subfield>
    </datafield>
    <datafield tag="505" ind1="0" ind2=" ">
      <subfield code="a">1r-9v: Elegiarum liber primus ad Jan. Russium Batavum -- 10r-17v: Elegiarum liber secundus -- 18r-44v: Epigrammatum liber primus -- 45r-60r: Liber satyrarum I. -- 60r-85r: Poemata varia --80r-83v: Melanges francoises -- 83v-103v: Poemata varia --104r-196v: Epistolarum farrago.</subfield>
    </datafield>
    <datafield tag="546" ind1=" " ind2=" ">
      <subfield code="a">Contains also some poems and letters in French.</subfield>
    </datafield>
    <datafield tag="563" ind1=" " ind2=" ">
      <subfield code="a">Parchment binding.</subfield>
    </datafield>
    <datafield tag="563" ind1=" " ind2=" ">
      <subfield code="a">With mackle.</subfield>
    </datafield>
    <datafield tag="581" ind1=" " ind2=" ">
      <subfield code="a">P.A. Tiele, Catalogus codicum manu scriptorum Bibliothecae Universitatis Rheno-Trajectinae. I. Trajecti ad Rhenum / Hagae Comitis 1887. P. 215.</subfield>
    </datafield>
    <datafield tag="581" ind1=" " ind2=" ">
      <subfield code="a">A.M.M. Dekker, 'Een onbekend werk van Adam van Vianen', in: Maandblad Oud-Utrecht 58 (1985), p. 5-7.</subfield>
    </datafield>
    <datafield tag="581" ind1=" " ind2=" ">
      <subfield code="a">A.M.M. Dekker, 'Ein unbekanntes Gedicht aus den Acanthae des Paulus Melissus', in: Humanistica Lovaniensia 30 (1981), p. 194-196 p. 196 (fol. 23v-25v).</subfield>
    </datafield>
    <datafield tag="581" ind1=" " ind2=" ">
      <subfield code="a">E.P. Graafstal, 'Aernout van Buchell bezoekt De Meern', in: Historische vereniging Vleuten, De Meern, Haarzuilens 12, 1 (1992), p. 15-25. p. 21-22.</subfield>
    </datafield>
    <datafield tag="581" ind1=" " ind2=" ">
      <subfield code="a">P.O. Kristeller, Iter Italicum. Accedunt alia itinera. A finding list of uncatalogued or incompletely catalogued humanistic manuscripts of the Renaissance in Italian and other libraries IV (alia itinera II): Great Britain to Spain. London etc. 1989. p. 382.</subfield>
    </datafield>
    <datafield tag="581" ind1=" " ind2=" ">
      <subfield code="a">J. Pollmann, Een andere weg naar God. De reformatie van Arnoldus Buchelius (1565-1641). Amsterdam 2000 (ook verschenen als proefschrift UvA: Another road to God, [s.n] 1998, ook verschenen als: Religious choice in the Dutch Republic. The reformation of Arnoldus Buchelius (1565-1641), Manchester 1999). p. 24 nt. 43, 37 nt. 116, 47 nt. 27, 48 nt. 35-36 en 38, 54 nt. 73-76, 55 nt. 77, 68 nt. 17-18, 69 nt. 21, 78 nt. 63, 79 nt. 65-66, 80 nt. 68, 81 nt. 71, 82 nt. 78, 83 nt. 80 en 83, 84 nt. 85-87, 85 nt. 91-93 en 95, 87 nt. 100, 88 nt. 104, 90 nt. 114-115, 91 nt. 128 en 130, 93 nt. 138, 102 nt. 38 en 40, 113 nt. 82, 134 nt. 25, 135 nt. 31-32 en 35, 138 nt. 40 en 43, 140 nt. 52 en 55-56, 141 nt. 62, 142 nt. 70, 143 nt. 73, 144 nt. 81, 148 nt. 102, 151 nt. 114-116, 159 nt. 153 en 155-156, 161 nt. 165.</subfield>
    </datafield>
    <datafield tag="581" ind1=" " ind2=" ">
      <subfield code="a">B.A. Vermaseren, 'De werkzaamheid van Janus Dousa Sr. (+ 1604) als geschiedschrijver van Holland', in: Bijdragen en mededelingen van het Historisch Genootschap 69 (1954), p. 49-107. p. 53.</subfield>
    </datafield>
    <datafield tag="581" ind1=" " ind2=" ">
      <subfield code="a">B.A. Vermaseren, 'P.C. Bockenberg (1548-1617), historieschrijver van de Staten van Holland', in: Bijdragen en mededelingen van het Historisch Genootschap 70 (1956), p. 1-81. (Cf. Scriptorium 11 (1957), p. 174). p. 66-67.</subfield>
    </datafield>
    <datafield tag="700" ind1="1" ind2=" ">
      <subfield code="i">Container of (work):</subfield>
      <subfield code="a">Buchell, Arend van,</subfield>
      <subfield code="d">1565-1641.</subfield>
      <subfield code="t">Correspondence.</subfield>
    </datafield>
    <datafield tag="710" ind1="2" ind2=" ">
      <subfield code="a">Utrechts Archief,</subfield>
      <subfield code="e">former owner.</subfield>
    </datafield>
    <datafield tag="710" ind1="2" ind2=" ">
      <subfield code="a">Universiteit Utrecht.</subfield>
      <subfield code="b">Bibliotheek.</subfield>
      <subfield code="k">Manuscript</subfield>
      <subfield code="n">(Hs. 836 (Hs 7 E 5))</subfield>
    </datafield>
    <datafield tag="740" ind1="0" ind2=" ">
      <subfield code="a">Epistolarum farrago</subfield>
    </datafield>
    <datafield tag="758" ind1=" " ind2=" ">
      <subfield code="i">has work:</subfield>
      <subfield code="a">Poems (Text)</subfield>
      <subfield code="1">https://id.oclc.org/worldcat/entity/E39PCGXFf7WCGRdMQMcXkCXtVd</subfield>
      <subfield code="4">https://id.oclc.org/worldcat/ontology/hasWork</subfield>
    </datafield>
  </record>